000 00286nam a22001217a 4500
008 170525b xxu||||| |||| 00| 0 eng d
041 _aeng
080 _a004.4
100 _a16
101 _aIM
245 _aROBOTICS AND FACTORIES OF THE FUTURE
_cDWIVED.S.N
942 _2udc
_cBK
999 _c14272
_d14272